Statistics for Can you guess the 200 Greatest Rock albums of the 1960s?

Click here to take the quiz!

General Stats

  • This quiz has been taken 43 times
  • The average score is 16 of 191

Answer Stats

HintAnswer% Correct
The BeatlesAbbey Road
83%
The BeatlesRevolver
83%
The BeatlesSgt Peppers. Lonely Hearts Club Band
83%
The BeatlesThe Beatles
78%
The Beach boysPet Sounds
72%
Led ZeppelinLed Zeppelin
61%
The Rolling StonesLet It Bleed
50%
The BeatlesPlease Please Me
50%
The BeatlesA Hard Days Night
44%
The Jimi Hendrix ExperienceAre you Experienced?
44%
Bob DylanBlonde On Blonde
44%
The Jimi Hendrix ExperienceElectric Ladyland
44%
The BeatlesHelp!
39%
Led ZeppelinLed Zeppelin II
39%
The BeatlesMagical Mystery Tour
39%
The Velvet UndergroundThe Velvet Underground
39%
The WhoTommy
33%
The Jimi Hendrix ExperienceAxis: Bold as Love
28%
The Rolling StonesBeggars Banquet
28%
Bob DylanHighway 61 Revisited
28%
King CrimsonIn The Court Of The Crimson King
28%
The Rolling StonesAftermath
22%
The Grateful DeadLive/Dead
22%
The Rolling StonesOut Of Our Heads
22%
The BandThe Band
22%
Van MorrisonAstral Weeks
17%
Creedence Clearwater RevivalGreen River
17%
Aretha FranklinI Never Loved A Man The Way I Love You
17%
Pink FloydPiper At The Gates Of Dawn
17%
CreamWheels Of Fire
17%
The Velvet UndergroundWhite Light/White Heat
17%
YesYes
17%
Creedence Clearwater RevivalBayou Country
11%
Bob DylanBob Dylan
11%
Simon and GarfunkelBookends
11%
Creedence Clearwater RevivalCreedence Clearwater Revival
11%
Roy OrbisonCrying
11%
CreamFresh Cream
11%
James BrownLive At The Apollo
11%
The BandMusic From The Big Pink
11%
Otis ReddingOtis Blue
11%
SantanaSantana
11%
The DoorsStrange Days
11%
The Beach BoysSurfin' USA
11%
Jefferson AirplaneSurrealistic Pillow
11%
Bob DylanThe Freewheelin' Bob Dylan
11%
The WhoThe Who Sings My Generation
11%
Captain Beefheart and His Magic BandTrout Mask Replica
11%
The Velvet UndergroundVelvet Underground and Nico
11%
Johnny CashAt Folsom Prison
6%
Etta JamesAt Last
6%
Jeff Beck GroupBeck-Ola
6%
Blind FaithBlind Faith
6%
Buffalo SpringfieldBuffalo Springfield
6%
Dusty SpringfieldDusty in Memphis
6%
13th Floor ElevatorsEaster Everywhere
6%
Neil Young and Crazy HorseEverybody Knows This Is Nowhere
6%
Nick DrakeFive Leaves Left
6%
LoveForever Changes
6%
Frank Zappa and The Mothers Of InventionFreak Out!
6%
Iron ButterflyHeavy
6%
Iron ButterflyIn-a-Gadda-Da-Vida
6%
Bob DylanJohn Wesley Harding
6%
LoveLove
6%
Simon and GarfunkelParsley, Sage, Rosemary and Thyme
6%
Pink FloydSaucerful Of Secrets
6%
The KinksSomething Else
6%
Sly And The Family StoneStand
6%
SteppenwolfSteppenwolf
6%
DonovanSunshine Superman
6%
The Beach BoysThe Beach Boys Today!
6%
The KinksThe Kinks Are The Village Green Preservation Society
6%
The StoogesThe Stooges
6%
The WhoThe Who Sell Out
6%
TrafficTraffic
6%
Jeff BeckTruth
6%
The ByrdsTurn! Turn! Turn!
6%
Creedence Clearwater RevivalWilly And The Poor Boys
6%
? & the Mysterians96 Tears
0%
Jefferson AirplaneAfter Bathing At Baxter's
0%
The Grateful DeadAnthem Of The Sun
0%
The KinksArthur - Or The Decline And Fall Of The British Empire
0%
Bee GeesBee Gees 1st
0%
The Rolling StonesBetween The Buttons
0%
Blood, Sweat & TearsBlood, Sweat & Tears
0%
Bo DiddleyBo Diddley Is A Gunslinger
0%
Deep PurpleBook Of Taliesyn
0%
Buffalo SpringfieldBuffalo Springfield Again
0%
Big Brother and The Holding CompanyCheap Thrills
0%
ChicagoChicago Transit Authority
0%
Steve Miller BandChildren Of The Future
0%
Tommy James & ShondellsCrimson And Clover
0%
Crosby, Stills and NashCrosby Stills and Nash
0%
Jefferson AirplaneCrown Of Creation
0%
LoveDa Capo
0%
The Moody BluesDays Of Future Passed
0%
The StandellsDirty Water
0%
CreamDisreali Gears
0%
The Lovin' SpoonfulDo You Believe In Magic
0%
Electric FlagElectric Flag
0%
Country Joe & The FishElectric Music for the Mind and Body
0%
The YoungbloodsElephant Mountain
0%
Elvis PresleyElvis Is Back
0%
The KinksFace To Face
0%
SpiritFamily That Plays Together
0%
The ByrdsFifth Dimension
0%
The Rolling StonesFlowers
0%
Elvis PresleyFrom Elvis In Memphis
0%
The TroggsFrom Nowhere - The Troggs
0%
Savoy BrownGetting to The Point
0%
Smokey Robinson And The MiraclesGoing To A Go-Go
0%
CreamGoodbye
0%
Grand Funk RailroadGrand Funk
0%
Booker T and the MG'sGreen Onions
0%
The RascalsGroovin'
0%
Quicksilver Messenger ServiceHappy Trails
0%
The YardbirdsHaving A Rave Up With The Yardbirds
0%
Frank ZappaHot Rats
0%
DonovanHurdy Gurdy Man
0%
Country Joe & The FishI Feel Like I'm Fixin' To Die
0%
The Mama's and Papa'sIf You Can Believe Your Eyes And Ears
0%
Roy OrbisonIn Dreams
0%
The Moody BluesIn Search of The Lost Chord
0%
The TurtlesIt Ain't Me Babe
0%
It's A Beautiful DayIt's A Beautiful Day
0%
The Everly BrothersIt's Everly Time
0%
Jefferson AirplaneJefferson Airplane Takes Off
0%
John Mayall and BluesbreakersJohn Mayall & Bluesbreakers-w/E. Clapton
0%
Amboy DukesJourney to the Center of the Mind
0%
The MC5Kick Out The Jams
0%
The KinksKink Kontroversy
0%
Aretha FranklinLady Soul
0%
Lee MichaelsLee Michaels
0%
Fairport ConventionLiege & Lief
0%
The Beach BoysLittle Deuce Coupe
0%
The SupremesLove Child
0%
The TemptationsMeet The Temptations
0%
Sir Douglas QuintetMendocino
0%
Moby GrapeMoby Grape
0%
Ray CharlesModern Sounds In Country and Western
0%
TrafficMr. Fantasy
0%
The ZombiesOdessey And Oracle
0%
The Small FacesOgdens' Nut Gone Flake
0%
The Moody BluesOn The Threshold Of A Dream
0%
The ImpressionsPeople Get Ready
0%
Procol HarumProcol Harum - A Whiter Shade of Pale
0%
Count FivePsychotic Reaction
0%
Quicksilver Messenger ServiceQuicksilver Messenger Service
0%
Ike and Tina TurnerRiver Deep Mountain High
0%
Chuck BerryRockin' At The Hops
0%
Steve Miller BandSailor
0%
Pretty ThingsS.F. Sorrow
0%
Deep PurpleShades Of Deep Purple
0%
Procol HarumShine On Brightly
0%
Otis Redding(Sittin' On) The Dock Of The Bay
0%
Mitch Ryder & the Detroit WheelsSock It To Me!
0%
SpiritSpirit
0%
Ten Years AfterSsssh
0%
Jethro TullStand Up
0%
Chuck BerrySt Louis To Liverpool
0%
The ByrdsSweetheart Of The Rodeo
0%
The TemptationsTemptations Sing Smokey
0%
Allman Brothers BandThe Allman Brothers Band
0%
Buddy HollyThe Buddy Holly Story, Volume 2
0%
Flying Buritto BrothersThe Gilded Palace of Sin
0%
Jan & DeanThe Little Old Lady from Pasadena
0%
Manfred MannThe Manfred Mann Album
0%
ThemThem - Here Comes The Night
0%
The ByrdsThe Notorious Byrd Brothers
0%
Fleetwood MacThen Play On
0%
Otis ReddingThe Otis Redding Dictionary of Soul
0%
The Pretty ThingsThe Pretty Things
0%
SteppenwolfThe Second
0%
The Soft MachineThe Soft Machine
0%
Wilson PickettThe Wicked Pickett
0%
The YardbirdsThe Yardbirds
0%
The RascalsThe Young Rascals
0%
Jethro TullThis Was
0%
Chamber BrothersTime Has Come
0%
FreeTons of Sobs
0%
Stevie WonderUp Tight (Everything's Alright)
0%
Vanilla FudgeVanilla Fudge
0%
Blue CheerVincebus Eruptum
0%
Jefferson AirplaneVolunteers
0%
Simon & GarfunkelWednesday Morning 3 a.m.
0%
Frank Zappa and The Mothers Of InventionWe're Only In It For The Money
0%
The Beach BoysWild Honey
0%
Eric Burdon & The AnimalsWinds of Change
0%
The SurfarisWipe Out
0%
Joe CockerWith a Little Help From My Friends
0%
The ByrdsYounger Than Yesterday
0%

Score Distribution

Percentile by Number Answered

Percent of People with Each Score

Your Score History

You have not taken this quiz